| 000 | 010520000a22002770004500 | ||
|---|---|---|---|
| 001 | 46929 | ||
| 010 | _a978-972-21-1651-0 | ||
| 100 | _a20151211d2004 k y0pory5003 ba | ||
| 101 | 0 | _apor | |
| 102 | _aPT | ||
| 200 | 1 |
_aLuuanda _eestórias _fJosé Luandino Vieira |
|
| 205 | _a17.ª ed | ||
| 210 |
_a[S. l.] _cCaminho _d2004 |
||
| 215 | _a156, [2] p. | ||
| 225 | 2 |
_aOutras margens _v36 |
|
| 327 | 0 | _aPNL. Projeto de leitura do 11.º ano | |
| 330 | _aLuandino Vieira, um dos mais conceituados autores de expressão portuguesa e um marco na literatura angolana, teve este seu primeiro livro de contos censurado pelo Antigo Regime, embora a Sociedade Portuguesa de Escritores lhe tivesse atribuído um prémio em 1965. Livro recomendado PNL2027 - Antes 2017 - Literatura - dos 15-18 anos - Fluente. (BESJAC) | ||
| 606 |
_92033 _aLiteratura africana de expressão portuguesa |
||
| 606 |
_9742 _aContos |
||
| 606 |
_92734 _aPNL |
||
| 606 |
_92862 _aProjeto de leitura do 11.º ano |
||
| 675 |
_a83 _v17.ª ed. _zpor |
||
| 700 | 1 |
_947022 _aVieira _bJosé Luandino _cPseud. |
|
| 090 | _a46929 | ||
| 942 |
_cMON _n0 |
||
| 999 | _a46929 | ||